| 000 | 01013nam0a22002771 4500 | ||
|---|---|---|---|
| 001 | rc\3047852 | ||
| 005 | 20250806202231.0 | ||
| 035 | _a(NLR Aleph) 007187515 | ||
| 090 |
_a45684 _c45684 |
||
| 100 | _a20111008d1942 u y0rusy50 ca | ||
| 101 | 0 | _arus | |
| 102 | _aRU | ||
| 105 | _aa z ||||| | ||
| 200 | 1 |
_aМагнето типов БСМ-9, БСМ-12 и БСМ-14 _e(Краткая инструкция по обслуживанию магнето типов БСМ и их модификаций) _fСост. инж. В.С. Карпов _gОтв. ред. инж. Н.В. Полтев |
|
| 210 |
_a[Москва] _cОборонгиз _d1942 |
||
| 215 |
_a24 с. _cил. _d14 см |
||
| 700 | 1 |
_aКарпов _bВ.С. |
|
| 702 | 1 |
_aПолтев _bН.В. _4340 |
|
| 801 | 0 |
_aRU _bNLR _gpsbo |
|
| 801 | 1 |
_aRU _bELAR _2rusmarc |
|
| 852 |
_aNLR _jТ14 Г-2/151 |
||
| 852 |
_aNLR _jТ14 Г-2/141 |
||
| 942 | _cBOOK | ||
| 945 | _aРоссийская национальная библиотека | ||
| 980 | _aNB | ||
| 980 | _aBV | ||